LEADER 00669nam a2200169 i 4500 001 000000230781 003 CaOOAMICUS 005 20140618000000.0 008 140618s1896 xx u000 u fre u 013 $a209683 040 $aSeMil$bita 245 10$aTome 1. 300 $aXVI, 578 p, [1] c. di tav. ripieg. :$bill. 773 0 $aVigouroux, Fulcran $tBible et les découvertes modernes en Palestine, en Egypte et en Assyrie.$b6e éd. rev. et augmentée.$dParis : Berche et Tralin, 1896.$g1$w()30085 850 $aSeMil 852 $aSeMil$W1$xVenegono$y1$m2W I 25 FA$j181127$B181127$CSeMilBibl$Z2$F191892 $8I 996 $6245$aTome 1$9(OLS)http://semarc/title/1447 LEADER 00888nam a2200217 i 4500 001 000000059682 003 CaOOAMICUS 005 20090518000000.0 008 090518s1969 it u000 u ita u 013 $a30854 040 $aSeMil$bita 100 1 $aViganò, Mario .$0(OLS)http://semarc/name/6678 245 13$aIl mancato dialogo tra Galileo e i teologi /$cMario Viganò. 260 $aRoma :$bLa Civiltà Cattolica,$c1969. 300 $a255 p. ;$c21 cm. 500 $a[Contributo allo studio della "questione galieliana"]. 600 14$aGalilei, Galileo <1564-1642>.$0(OLS)http://semarc/subject/3284 850 $aSeMil 852 $aSeMil$W1$xVenegono$y1$m3B III 136$j25835$B25835$CSeMilBibl$Z2$F25838 $81 996 $6245$aIl mancato dialogo tra Galileo e i teologi$9(OLS)http://semarc/title/93285 996 $6260$aRoma :$bLa Civiltà Cattolica$9(OLS)http://semarc/publisher/29890